[Event "Richmond Chess Initiative 1st"]
[Site "London, Richmond"]
[Date "1994.10.26"]
[Round "4"]
[White "Rowson, Jonathan"]
[Black "Wall, Gavin"]
[Result "1-0"]
[WhiteElo "2305"]
[BlackElo "2265"]
[PlyCount "110"]
[EventDate "1994.10.23"]
[EventType "tourn"]
[EventRounds "9"]
[EventCountry "ENG"]
[SourceTitle "BritBase"]
[Source "John Saunders"]
[SourceDate "2023.06.01"]
[SourceVersion "1"]
[SourceVersionDate "2023.06.01"]
[SourceQuality "1"]

1. e4 e5 2. Nf3 d6 3. d4 exd4 4. Nxd4 Nf6 5. Nc3 Be7 6. Nde2 O-O 7. g3 c6 8.
Bg2 b5 9. a3 Bb7 10. O-O Nbd7 11. Nd4 Re8 12. Nf5 Ne5 13. f4 Nc4 14. b3 Nb6 15.
Nxe7+ Qxe7 16. Bb2 a5 17. Re1 Rad8 18. Qf3 c5 19. Nxb5 Bxe4 20. Qc3 Nbd5 21.
Qd2 Qb7 22. c4 Bxg2 23. Qxg2 Qb6 24. Qd2 Ne7 25. Bc3 Rd7 26. Bxa5 Qc6 27. Bc3
Ne4 28. Qd3 f5 29. Rad1 g5 30. Rf1 gxf4 31. Rxf4 Ng5 32. Qf1 d5 33. cxd5 Qh6
34. Rh4 Qb6 35. a4 Nxd5 36. Qxf5 Nxc3 37. Qxg5+ Rg7 38. Qh5 c4+ 39. Nd4 Ree7
40. bxc4 Nxd1 41. Qxd1 Rd7 42. Qb3 Qxb3 43. Nxb3 Rge7 44. Nd4 Re1+ 45. Kf2 Ra1
46. c5 Rxa4 47. Ke3 Rc4 48. c6 Rd6 49. Rf4 h6 50. g4 Kh7 51. Re4 Kg8 52. h4 Kh7
53. Re7+ Kg8 54. c7 Kf8 55. Nf5 h5 1-0

[Event "Richmond Chess Initiative 1st"]
[Site "London, Richmond"]
[Date "1994.10.26"]
[Round "4"]
[White "Summerscale, Aaron P"]
[Black "Berg, Klaus"]
[Result "1/2-1/2"]
[WhiteElo "2440"]
[BlackElo "2435"]
[PlyCount "47"]
[EventDate "1994.10.23"]
[EventType "tourn"]
[EventRounds "9"]
[EventCountry "ENG"]
[SourceTitle "BritBase"]
[Source "John Saunders"]
[SourceDate "2023.06.01"]
[SourceVersion "1"]
[SourceVersionDate "2023.06.01"]
[SourceQuality "1"]

1. g3 d5 2. Nf3 c6 3. Bg2 Bg4 4. c4 e6 5. O-O Bd6 6. d3 Nf6 7. Qb3 Qb6 8. Be3
Qxb3 9. axb3 Na6 10. Nc3 O-O 11. Ra5 Rfd8 12. Bg5 h6 13. Bf4 Bb4 14. Ra4 Nd7
15. cxd5 cxd5 16. d4 Rac8 17. Rc1 Ndb8 18. Bxb8 Rxb8 19. e3 Bxf3 20. Bxf3 Rdc8
21. Be2 Rc6 22. Rca1 Bxc3 23. bxc3 Rxc3 24. Bxa6 1/2-1/2

[Event "Richmond Chess Initiative 1st"]
[Site "London, Richmond"]
[Date "1994.10.27"]
[Round "5"]
[White "Bates, Richard A"]
[Black "Rowson, Jonathan"]
[Result "1-0"]
[WhiteElo "2285"]
[BlackElo "2305"]
[PlyCount "123"]
[EventDate "1994.10.23"]
[EventType "tourn"]
[EventRounds "9"]
[EventCountry "ENG"]
[SourceTitle "BritBase"]
[Source "John Saunders"]
[SourceDate "2023.06.01"]
[SourceVersion "1"]
[SourceVersionDate "2023.06.01"]
[SourceQuality "1"]

1. d4 d5 2. Nf3 Bf5 3. g3 e6 4. Bg2 Nf6 5. O-O Be7 6. c4 c6 7. Nc3 h6 8. Qb3
Qb6 9. c5 Qc7 10. Bf4 Qc8 11. Qa4 Nbd7 12. b4 a6 13. Qb3 Ne4 14. Nd2 Nxd2 15.
Bxd2 O-O 16. f3 Bf6 17. Be3 e5 18. Qd1 Re8 19. Bf2 exd4 20. Bxd4 Qc7 21. Bxf6
Nxf6 22. Qd4 Re7 23. Rfe1 Rae8 24. e3 Nh7 25. Qd2 Bg6 26. Re2 h5 27. Rae1 h4
28. gxh4 Nf6 29. Qd4 Re5 30. Nd1 Rh5 31. Nf2 Qe5 32. Qxe5 Rexe5 33. f4 Re8 34.
e4 dxe4 35. Bxe4 Nxe4 36. Nxe4 Bxe4 37. Rxe4 Rxe4 38. Rxe4 Kf8 39. Rd4 Ke7 40.
Re4+ Kd7 41. Rd4+ Kc8 42. Kf2 Rxh4 43. Kg3 Rh8 44. h4 Re8 45. Kg4 Re2 46. a4 a5
47. bxa5 Rc2 48. Re4 Kd7 49. Rd4+ Ke7 50. Rb4 Rxc5 51. Rxb7+ Kf6 52. a6 Ra5 53.
Rb6 Kg6 54. Rxc6+ f6 55. Rb6 Rxa4 56. h5+ Kh7 57. Kf5 Ra5+ 58. Ke6 Rxh5 59. Rb1
Rc5 60. Ra1 Rc8 61. a7 Ra8 62. Kf7 1-0

[Event "Richmond Chess Initiative 1st"]
[Site "London, Richmond"]
[Date "1994.10.27"]
[Round "5"]
[White "Berg, Klaus"]
[Black "Hinks-Edwards, Thomas"]
[Result "1-0"]
[WhiteElo "2435"]
[BlackElo "2225"]
[PlyCount "87"]
[EventDate "1994.10.23"]
[EventType "tourn"]
[EventRounds "9"]
[EventCountry "ENG"]
[SourceTitle "BritBase"]
[Source "John Saunders"]
[SourceDate "2023.06.01"]
[SourceVersion "1"]
[SourceVersionDate "2023.06.01"]
[SourceQuality "1"]

1. d4 Nf6 2. Nc3 d5 3. Bg5 Nbd7 4. Nf3 g6 5. e3 Bg7 6. Bd3 c5 7. O-O O-O 8. Re1
b6 9. e4 dxe4 10. Nxe4 cxd4 11. Nxd4 Bb7 12. c3 Rc8 13. Nxf6+ Nxf6 14. Qe2 h6
15. Bh4 Qd5 16. Nf3 Qh5 17. Qxe7 Bxf3 18. Bxf6 Bxg2 19. Bxg7 Kxg7 20. Re6 Rc6
21. Qf6+ Kg8 22. Rxc6 Qg4 23. Qxg6+ fxg6 24. Rxg6+ Qxg6 25. Bxg6 Bd5 26. Rd1
Bxa2 27. Rd7 Rf4 28. Bh7+ Kf8 29. Rxa7 Rg4+ 30. Kf1 Bc4+ 31. Ke1 Rg1+ 32. Kd2
Rg2 33. Ke3 Rxh2 34. Rb7 b5 35. Be4 Rh3+ 36. f3 Rh2 37. b4 Rh4 38. Bd3 Bxd3 39.
Kxd3 Rh5 40. Rc7 Rg5 41. Rc5 Rxc5 42. bxc5 Ke7 43. f4 h5 44. Ke4 1-0

[Event "Richmond Chess Initiative 1st"]
[Site "London, Richmond"]
[Date "1994.10.27"]
[Round "5"]
[White "Dinstuhl, Volkmar"]
[Black "Summerscale, Aaron P"]
[Result "0-1"]
[WhiteElo "2375"]
[BlackElo "2440"]
[PlyCount "70"]
[EventDate "1994.10.23"]
[EventType "tourn"]
[EventRounds "9"]
[EventCountry "ENG"]
[SourceTitle "BritBase"]
[Source "John Saunders"]
[SourceDate "2023.06.01"]
[SourceVersion "1"]
[SourceVersionDate "2023.06.01"]
[SourceQuality "1"]

1. d4 d5 2. c4 c6 3. Nc3 Nf6 4. e3 e6 5. Nf3 Nbd7 6. Bd3 dxc4 7. Bxc4 b5 8. Be2
a6 9. O-O Be7 10. e4 b4 11. e5 bxc3 12. exf6 Bxf6 13. bxc3 O-O 14. Nd2 Be7 15.
Bf3 Qc7 16. Qa4 Bb7 17. Rb1 Rab8 18. Nc4 c5 19. Bxb7 Rxb7 20. Bf4 Qc8 21. Nd6
Bxd6 22. Bxd6 Rd8 23. Rxb7 Qxb7 24. dxc5 Rc8 25. Rd1 h6 26. Qc4 Qb5 27. Qg4 f5
28. c4 Qb2 29. Qf3 Qc2 30. c6 Rxc6 31. Bf4 Rxc4 32. g3 Nf6 33. Be5 Ng4 34. Ba1
Nxf2 35. Re1 Ne4 0-1

[Event "Richmond Chess Initiative 1st"]
[Site "London, Richmond"]
[Date "1994.10.27"]
[Round "5"]
[White "Hennig, Dirk"]
[Black "Anagnostopoulos, Dimitrios"]
[Result "1-0"]
[WhiteElo "2350"]
[BlackElo "2425"]
[PlyCount "67"]
[EventDate "1994.10.23"]
[EventType "tourn"]
[EventRounds "9"]
[EventCountry "ENG"]
[SourceTitle "BritBase"]
[Source "John Saunders"]
[SourceDate "2023.06.01"]
[SourceVersion "1"]
[SourceVersionDate "2023.06.01"]
[SourceQuality "1"]

1. d4 Nf6 2. Bg5 c5 3. Bxf6 gxf6 4. d5 Qb6 5. Qc1 f5 6. e3 Bg7 7. c3 e6 8. Nh3
h5 9. Na3 d6 10. Qd2 e5 11. Bd3 Qd8 12. O-O Qf6 13. f4 e4 14. Be2 Qe7 15. Rab1
a6 16. b4 Qc7 17. Rfc1 Nd7 18. Nc2 Nf6 19. a4 b6 20. Na3 Bd7 21. a5 bxa5 22.
bxa5 Qxa5 23. Nc4 Qd8 24. Nxd6+ Ke7 25. Ng5 Rf8 26. Nb7 Qc8 27. Rb6 Bh6 28.
Rcb1 Ra7 29. c4 Rxb7 30. Rxb7 Ne8 31. Rb8 Qc7 32. R1b7 Qd6 33. Rb6 Qc7 34.
Rxe8+ 1-0

[Event "Richmond Chess Initiative 1st"]
[Site "London, Richmond"]
[Date "1994.10.27"]
[Round "5"]
[White "Wall, Gavin"]
[Black "McShane, Luke J"]
[Result "1-0"]
[WhiteElo "2265"]
[BlackElo "2095"]
[PlyCount "87"]
[EventDate "1994.10.23"]
[EventType "tourn"]
[EventRounds "9"]
[EventCountry "ENG"]
[SourceTitle "BritBase"]
[Source "John Saunders"]
[SourceDate "2023.06.01"]
[SourceVersion "1"]
[SourceVersionDate "2023.06.01"]
[SourceQuality "1"]

1. e4 c5 2. Nf3 d6 3. Bb5+ Bd7 4. a4 Nf6 5. d3 e6 6. O-O Be7 7. e5 dxe5 8. Nxe5
O-O 9. Nd2 Bxb5 10. axb5 Nbd7 11. Ndc4 Qe8 12. f4 Nxe5 13. fxe5 Nd5 14. Qg4 Kh8
15. Qh5 f5 16. Qxe8 Rfxe8 17. Bd2 b6 18. Ra2 Nc7 19. Rfa1 Nxb5 20. Nxb6 Rad8
21. Nc4 f4 22. Bc3 Rd7 23. Ra6 Bd8 24. Rc6 Rd5 25. Raa6 Bb6 26. Nxb6 axb6 27.
Rxe6 Rf8 28. Raxb6 c4 29. Rxb5 Rxb5 30. dxc4 Rb7 31. c5 Ra7 32. Rd6 Kg8 33. Kf2
h5 34. e6 Re7 35. b4 Rc7 36. Rd7 Rfc8 37. Be5 Rc6 38. Rxg7+ Kf8 39. Rf7+ Kg8
40. Bd6 Re8 41. b5 Rcc8 42. b6 Rxe6 43. b7 Rd8 44. Rf8+ 1-0

[Event "Richmond Chess Initiative 1st"]
[Site "London, Richmond"]
[Date "1994.10.28"]
[Round "6"]
[White "Berg, Klaus"]
[Black "Dinstuhl, Volkmar"]
[Result "1-0"]
[WhiteElo "2435"]
[BlackElo "2375"]
[PlyCount "71"]
[EventDate "1994.10.23"]
[EventType "tourn"]
[EventRounds "9"]
[EventCountry "ENG"]
[SourceTitle "BritBase"]
[Source "John Saunders"]
[SourceDate "2023.06.01"]
[SourceVersion "1"]
[SourceVersionDate "2023.06.01"]
[SourceQuality "1"]

1. e4 c5 2. d3 d6 3. g3 g6 4. Bg2 Bg7 5. f4 Nc6 6. Nf3 Nf6 7. Nc3 O-O 8. O-O
Rb8 9. h3 b5 10. Be3 b4 11. Ne2 a5 12. g4 Ne8 13. Rb1 Nc7 14. f5 Nb5 15. h4 a4
16. h5 a3 17. b3 Nbd4 18. Qd2 Nxf3+ 19. Rxf3 Ne5 20. Rg3 Bb7 21. Rf1 Rc8 22.
hxg6 hxg6 23. Bh6 Kh7 24. Rh3 Rh8 25. g5 Bxh6 26. Rxh6+ Kg8 27. Rxh8+ Kxh8 28.
f6 Kg8 29. Qf4 Rc6 30. Qh4 Rb6 31. Nf4 exf6 32. gxf6 d5 33. Nh3 dxe4 34. Ng5
Nf3+ 35. Rxf3 Qd4+ 36. Rf2 1-0

[Event "Richmond Chess Initiative 1st"]
[Site "London, Richmond"]
[Date "1994.10.28"]
[Round "6"]
[White "Hinks-Edwards, Thomas"]
[Black "Anagnostopoulos, Dimitrios"]
[Result "0-1"]
[WhiteElo "2225"]
[BlackElo "2425"]
[PlyCount "76"]
[EventDate "1994.10.23"]
[EventType "tourn"]
[EventRounds "9"]
[EventCountry "ENG"]
[SourceTitle "BritBase"]
[Source "John Saunders"]
[SourceDate "2023.06.01"]
[SourceVersion "1"]
[SourceVersionDate "2023.06.01"]
[SourceQuality "1"]

1. e4 Nf6 2. e5 Nd5 3. d4 d6 4. Nf3 Bg4 5. Be2 e6 6. O-O Be7 7. c4 Nb6 8. Nc3
O-O 9. Be3 a6 10. b3 d5 11. c5 Nc8 12. h3 Bh5 13. Nd2 Bg6 14. f4 f6 15. Nf3 Nc6
16. a3 fxe5 17. fxe5 Bh5 18. b4 N8a7 19. g4 Bg6 20. Bd3 Bxd3 21. Qxd3 Qd7 22.
Rab1 b5 23. Kg2 a5 24. h4 Rf7 25. Bg5 h6 26. Be3 Raf8 27. Qg6 Bd8 28. Ne2 Kh8
29. Ng3 Ne7 30. Qd3 Qe8 31. Rf2 Ng6 32. Qxg6 Rxf3 33. Rxf3 Qxg6 34. Rxf8+ Kh7
35. Rbf1 Bxh4 36. Kh3 Bxg3 37. Kxg3 axb4 38. axb4 Nc6 0-1

[Event "Richmond Chess Initiative 1st"]
[Site "London, Richmond"]
[Date "1994.10.28"]
[Round "6"]
[White "McShane, Luke J"]
[Black "Bates, Richard A"]
[Result "0-1"]
[WhiteElo "2095"]
[BlackElo "2285"]
[PlyCount "98"]
[EventDate "1994.10.23"]
[EventType "tourn"]
[EventRounds "9"]
[EventCountry "ENG"]
[SourceTitle "BritBase"]
[Source "John Saunders"]
[SourceDate "2023.06.01"]
[SourceVersion "1"]
[SourceVersionDate "2023.06.01"]
[SourceQuality "1"]

1. e4 c5 2. Nf3 Nc6 3. d4 cxd4 4. Nxd4 Nf6 5. Nc3 e6 6. Be3 Bb4 7. Nxc6 bxc6 8.
e5 Nd5 9. Bd2 Qh4 10. Qe2 Qd4 11. Nxd5 Bxd2+ 12. Qxd2 Qxd2+ 13. Kxd2 cxd5 14.
c4 dxc4 15. Bxc4 Bb7 16. f3 f6 17. Rhe1 Ke7 18. Rac1 Rac8 19. Bd3 Rxc1 20. Kxc1
Rc8+ 21. Kd2 g5 22. b4 h6 23. a4 fxe5 24. Rxe5 d5 25. g3 Kd6 26. Re1 e5 27. h4
gxh4 28. g4 Rf8 29. Bf5 h5 30. Rh1 hxg4 31. fxg4 Rh8 32. Kd3 d4 33. Rh2 Bf3 34.
g5 Kd5 35. a5 e4+ 36. Kd2 Ke5 37. Bd7 Kf4 38. g6 e3+ 39. Kd3 e2 40. Kd2 Kg3 41.
Rh3+ Kf2 42. Rh2+ Bg2 43. Rxg2+ Kxg2 44. Kxe2 Rd8 45. Bf5 h3 46. Kd3 a6 47. g7
h2 48. g8=Q+ Rxg8 49. Be4+ Kg1 0-1

[Event "Richmond Chess Initiative 1st"]
[Site "London, Richmond"]
[Date "1994.10.28"]
[Round "6"]
[White "Rowson, Jonathan"]
[Black "Hennig, Dirk"]
[Result "0-1"]
[WhiteElo "2305"]
[BlackElo "2350"]
[PlyCount "114"]
[EventDate "1994.10.23"]
[EventType "tourn"]
[EventRounds "9"]
[EventCountry "ENG"]
[SourceTitle "BritBase"]
[Source "John Saunders"]
[SourceDate "2023.06.01"]
[SourceVersion "1"]
[SourceVersionDate "2023.06.01"]
[SourceQuality "1"]

1. e4 c5 2. Nf3 Nc6 3. d4 cxd4 4. Nxd4 e5 5. Nb5 d6 6. c4 Be7 7. N1c3 a6 8. Na3
Nf6 9. Bd3 O-O 10. O-O Be6 11. Nc2 Rc8 12. Nd5 Nd7 13. b3 Nc5 14. Bb2 Qe8 15.
Nce3 Bd8 16. Bc2 Bxd5 17. exd5 Ne7 18. f4 exf4 19. Qd4 f6 20. Qxf4 Ng6 21. Qf3
Bb6 22. Rae1 Nd7 23. Kh1 Bxe3 24. Rxe3 Nde5 25. Qh5 Rc7 26. Rh3 Kf7 27. Rg3 Kg8
28. Rh3 Kf7 29. Ba3 Qe7 30. Re1 Qd8 31. Qf5 Re7 32. c5 Rfe8 33. cxd6 Rd7 34.
Rxh7 Qa5 35. b4 Qxa3 36. h4 Qg3 37. Re4 Rxd6 38. h5 Nf8 39. Rh8 Qg5 40. Rd4
Qxf5 41. Bxf5 Red8 42. Bc2 b5 43. Be4 Rc8 44. Kg1 Rc4 45. Rxc4 Nxc4 46. h6 gxh6
47. Rxh6 f5 48. Rxd6 Nxd6 49. Bf3 Kf6 50. Kf2 Nd7 51. Ke3 Ke5 52. g4 f4+ 53.
Kd3 Nb6 54. g5 Nxd5 55. g6 Nxb4+ 56. Kc3 Nd5+ 57. Kb3 Nf5 0-1

[Event "Richmond Chess Initiative 1st"]
[Site "London, Richmond"]
[Date "1994.10.28"]
[Round "6"]
[White "Summerscale, Aaron P"]
[Black "Wall, Gavin"]
[Result "1-0"]
[WhiteElo "2440"]
[BlackElo "2265"]
[PlyCount "43"]
[EventDate "1994.10.23"]
[EventType "tourn"]
[EventRounds "9"]
[EventCountry "ENG"]
[SourceTitle "BritBase"]
[Source "John Saunders"]
[SourceDate "2023.06.01"]
[SourceVersion "1"]
[SourceVersionDate "2023.06.01"]
[SourceQuality "1"]

1. d4 f5 2. Bg5 g6 3. Nd2 d5 4. c4 c6 5. e3 Bg7 6. Qb3 h6 7. Bh4 Nf6 8. cxd5
cxd5 9. Bb5+ Nc6 10. Rc1 g5 11. Rxc6 bxc6 12. Bxc6+ Bd7 13. Bxa8 Qxa8 14. Bg3
O-O 15. Ne2 h5 16. Be5 h4 17. O-O h3 18. Rc1 Bc6 19. Nf3 Bh6 20. Ng3 Nd7 21.
Qc2 f4 22. Qg6+ 1-0

[Event "Richmond Chess Initiative 1st"]
[Site "London, Richmond"]
[Date "1994.10.29"]
[Round "7"]
[White "Anagnostopoulos, Dimitrios"]
[Black "Rowson, Jonathan"]
[Result "1-0"]
[WhiteElo "2425"]
[BlackElo "2305"]
[PlyCount "67"]
[EventDate "1994.10.23"]
[EventType "tourn"]
[EventRounds "9"]
[EventCountry "ENG"]
[SourceTitle "BritBase"]
[Source "John Saunders"]
[SourceDate "2023.06.01"]
[SourceVersion "1"]
[SourceVersionDate "2023.06.01"]
[SourceQuality "1"]

1. d4 Nf6 2. c4 g6 3. Nc3 Bg7 4. e4 d6 5. Nf3 O-O 6. Be2 e5 7. O-O Nc6 8. d5
Ne7 9. Nd2 Ne8 10. b4 f5 11. c5 Kh8 12. f3 f4 13. Nc4 g5 14. a4 Rf6 15. Ba3 Rg6
16. b5 dxc5 17. Bxc5 h5 18. a5 Ng8 19. Qb3 g4 20. fxg4 hxg4 21. g3 Qg5 22. b6
axb6 23. axb6 Rxa1 24. Rxa1 Qh5 25. Nb5 Ngf6 26. Ra8 Rh6 27. h4 Nxe4 28. Rxc8
Nxc5 29. Qa3 Ne4 30. Nxc7 fxg3 31. Rxe8+ Kh7 32. Qe3 Qxh4 33. Qxe4+ Rg6 34. Qh1
1-0

[Event "Richmond Chess Initiative 1st"]
[Site "London, Richmond"]
[Date "1994.10.29"]
[Round "7"]
[White "Bates, Richard A"]
[Black "Summerscale, Aaron P"]
[Result "1-0"]
[WhiteElo "2285"]
[BlackElo "2440"]
[PlyCount "145"]
[EventDate "1994.10.23"]
[EventType "tourn"]
[EventRounds "9"]
[EventCountry "ENG"]
[SourceTitle "BritBase"]
[Source "John Saunders"]
[SourceDate "2023.06.01"]
[SourceVersion "1"]
[SourceVersionDate "2023.06.01"]
[SourceQuality "1"]

1. d4 d5 2. c4 Bf5 3. Nc3 e6 4. cxd5 exd5 5. Qb3 Nc6 6. Nf3 Bb4 7. a3 Bxc3+ 8.
Qxc3 Nf6 9. Bg5 Qd6 10. Bxf6 Qxf6 11. e3 O-O 12. Be2 Bg4 13. O-O Rac8 14. Qc5
Rfd8 15. Rfc1 Rd6 16. b4 h6 17. Ra2 Kh8 18. h3 Bh5 19. Qb5 Rb8 20. Qa4 a6 21.
Rac2 Qe7 22. b5 axb5 23. Qxb5 Na7 24. Qb4 c6 25. Ne5 Bg6 26. Rb2 Qc7 27. Qb6
Qxb6 28. Rxb6 Nc8 29. Rcxc6 Rxc6 30. Nxc6 Nxb6 31. Nxb8 Kg8 32. Bb5 Bf5 33. a4
Nc4 34. Nd7 Bxd7 35. Bxd7 Kf8 36. Kf1 Ke7 37. Bb5 Nd6 38. Ke2 Kd8 39. Bd3 Kc7
40. Kd2 Kb6 41. Kc3 Ka5 42. Kb3 h5 43. Be2 Ne4 44. Bxh5 g6 45. Bf3 Nd2+ 46. Ka3
Nc4+ 47. Ka2 Kxa4 48. Bxd5 Nd6 49. e4 f5 50. e5 Nb5 51. Bxb7 Nxd4 52. Bd5 f4
53. h4 Nf5 54. Be4 Ne7 55. g4 fxg3 56. fxg3 Kb4 57. g4 Kc5 58. h5 gxh5 59. gxh5
Ng8 60. Kb3 Nh6 61. Bf3 Kb6 62. Kc4 Kc7 63. Kd5 Kd7 64. e6+ Ke7 65. Ke5 Kf8 66.
Kf6 Ng8+ 67. Kg6 Ne7+ 68. Kf6 Ng8+ 69. Kg5 Ke7 70. Bd5 Nf6 71. h6 Nxd5 72. h7
Kxe6 73. h8=Q 1-0

[Event "Richmond Chess Initiative 1st"]
[Site "London, Richmond"]
[Date "1994.10.29"]
[Round "7"]
[White "Dinstuhl, Volkmar"]
[Black "Hinks-Edwards, Thomas"]
[Result "1-0"]
[WhiteElo "2375"]
[BlackElo "2225"]
[PlyCount "83"]
[EventDate "1994.10.23"]
[EventType "tourn"]
[EventRounds "9"]
[EventCountry "ENG"]
[SourceTitle "BritBase"]
[Source "John Saunders"]
[SourceDate "2023.06.01"]
[SourceVersion "1"]
[SourceVersionDate "2023.06.01"]
[SourceQuality "1"]

1. d4 Nf6 2. c4 g6 3. Nc3 d5 4. Bf4 Bg7 5. e3 c5 6. dxc5 Qa5 7. Rc1 Ne4 8. Nge2
dxc4 9. Qa4+ Qxa4 10. Nxa4 Bd7 11. Nec3 Nxc3 12. Nxc3 Na6 13. Bxc4 Nxc5 14. O-O
O-O 15. Nd5 Bxb2 16. Nxe7+ Kh8 17. Rc2 Bg7 18. Bd5 Ne6 19. Bxb7 Ba4 20. Bxa8
Bxc2 21. Rc1 Bd3 22. Bd5 Nxf4 23. exf4 Bf6 24. Nc6 Re8 25. Bxf7 Re2 26. Ne5 Ba6
27. h3 Bd8 28. Rc6 Bb6 29. Ng4 h5 30. Ne3 Kg7 31. Bb3 Bd3 32. Re6 Bd4 33. f5
Bxe3 34. f6+ Kf8 35. Rxe3 Rxe3 36. fxe3 Be4 37. g3 g5 38. h4 g4 39. Kf2 Ke8 40.
Ke2 Bg6 41. Kd2 Kd7 42. Kc3 1-0

[Event "Richmond Chess Initiative 1st"]
[Site "London, Richmond"]
[Date "1994.10.29"]
[Round "7"]
[White "Hennig, Dirk"]
[Black "McShane, Luke J"]
[Result "1-0"]
[WhiteElo "2350"]
[BlackElo "2095"]
[PlyCount "119"]
[EventDate "1994.10.23"]
[EventType "tourn"]
[EventRounds "9"]
[EventCountry "ENG"]
[SourceTitle "BritBase"]
[Source "John Saunders"]
[SourceDate "2023.06.01"]
[SourceVersion "1"]
[SourceVersionDate "2023.06.01"]
[SourceQuality "1"]

1. d4 Nf6 2. Bg5 Ne4 3. Bh4 d5 4. Nd2 Bf5 5. f3 Nxd2 6. Qxd2 Qd7 7. e3 e5 8.
dxe5 Bc5 9. c3 O-O 10. f4 Nc6 11. Nf3 f6 12. b4 Bb6 13. b5 Na5 14. Rd1 Be4 15.
exf6 gxf6 16. Be2 Bxf3 17. gxf3 c6 18. bxc6 bxc6 19. c4 Qh3 20. Bf2 Nxc4 21.
Bxc4 dxc4 22. Qd7 Qxd7 23. Rxd7 Rad8 24. Rg1+ Kh8 25. Rgg7 Rxd7 26. Rxd7 Rd8
27. Rxd8+ Bxd8 28. f5 Kg7 29. Kd2 Ba5+ 30. Kc2 Kf7 31. e4 a6 32. Bc5 h5 33. h3
Be1 34. a3 Ba5 35. Bb4 Bb6 36. a4 Bd4 37. Bd6 Ke8 38. Kd2 c5 39. f4 Kd7 40. Bf8
Ke8 41. Bd6 Kf7 42. e5 Ke8 43. Ke2 Kf7 44. Kf3 Ke8 45. Ke4 Kf7 46. Bc7 Ke7 47.
Bd6+ Kf7 48. Bb8 Bb2 49. Bc7 Bd4 50. Ba5 Ke8 51. Bd2 Ba1 52. Be3 c3 53. Kd3 c2
54. e6 Bd4 55. Bc1 Ke7 56. Kxc2 c4 57. Ba3+ Ke8 58. Bb2 Be3 59. Bxf6 Bxf4 60.
Kc3 1-0

[Event "Richmond Chess Initiative 1st"]
[Site "London, Richmond"]
[Date "1994.10.29"]
[Round "7"]
[White "Wall, Gavin"]
[Black "Berg, Klaus"]
[Result "0-1"]
[WhiteElo "2265"]
[BlackElo "2435"]
[PlyCount "118"]
[EventDate "1994.10.23"]
[EventType "tourn"]
[EventRounds "9"]
[EventCountry "ENG"]
[SourceTitle "BritBase"]
[Source "John Saunders"]
[SourceDate "2023.06.01"]
[SourceVersion "1"]
[SourceVersionDate "2023.06.01"]
[SourceQuality "1"]

1. e4 c6 2. d3 d5 3. Nd2 Nf6 4. f4 dxe4 5. dxe4 e5 6. f5 Bc5 7. Qf3 Qd4 8. g4
Qe3+ 9. Be2 Na6 10. c3 h5 11. gxh5 b6 12. b4 Qxf3 13. Bxf3 Be7 14. Nc4 Bb7 15.
Bg5 Nxh5 16. Bxe7 Kxe7 17. Nxe5 Rad8 18. Ne2 Nf6 19. Nf4 Ke8 20. O-O c5 21. b5
Nb8 22. Rad1 Rxd1 23. Rxd1 Rh4 24. Ng2 Rh3 25. Rd3 Nbd7 26. Nc4 Ke7 27. Re3 Kf8
28. Nf4 Rh4 29. Ng2 Rh3 30. a4 Bxe4 31. Bxe4 Rxe3 32. Ngxe3 Nxe4 33. Nd5 Ndf6
34. Nce3 Ke8 35. Kg2 Kd7 36. Kf3 Kd6 37. Nxf6 Nxf6 38. Nc4+ Kd5 39. Ne3+ Ke5
40. Nc4+ Kxf5 41. Nd6+ Ke6 42. Nc8 Nd5 43. c4 Nc3 44. Ke3 Nxa4 45. Kd2 Ke5 46.
Kd3 Nb2+ 47. Kc3 Nd1+ 48. Kd2 Nf2 49. Kc3 Ne4+ 50. Kd3 Nd6 51. Nxa7 Kf4 52. Nc6
g5 53. Ne7 Kf3 54. Nd5 Kg2 55. Nxb6 Kxh2 56. Nd7 g4 57. b6 g3 58. Ne5 g2 59.
Nf3+ Kh1 0-1

[Event "Richmond Chess Initiative 1st"]
[Site "London, Richmond"]
[Date "1994.10.29"]
[Round "8"]
[White "Berg, Klaus"]
[Black "Bates, Richard A"]
[Result "1-0"]
[WhiteElo "2435"]
[BlackElo "2285"]
[PlyCount "115"]
[EventDate "1994.10.23"]
[EventType "tourn"]
[EventRounds "9"]
[EventCountry "ENG"]
[SourceTitle "BritBase"]
[Source "John Saunders"]
[SourceDate "2023.06.01"]
[SourceVersion "1"]
[SourceVersionDate "2023.06.01"]
[SourceQuality "1"]

1. d4 Nf6 2. c4 g6 3. Nc3 Bg7 4. e4 d6 5. f3 c5 6. d5 O-O 7. Bg5 e6 8. Qd2 exd5
9. cxd5 h6 10. Bxh6 Nxe4 11. Nxe4 Qh4+ 12. g3 Qxh6 13. Qxh6 Bxh6 14. Nxd6 Nd7
15. f4 Nb6 16. O-O-O Rd8 17. Nxc8 Raxc8 18. Bh3 f5 19. Nf3 Nxd5 20. Rhe1 Nb4
21. Ne5 Kh7 22. a3 Nc6 23. Rxd8 Rxd8 24. Nxc6 bxc6 25. Re7+ Bg7 26. Bf1 a5 27.
a4 Rd4 28. b3 Re4 29. Rxe4 fxe4 30. Kd2 Bd4 31. Ke2 Bg1 32. h4 Kg7 33. Ke1 Kf6
34. Bc4 e3 35. Ke2 Bf2 36. Kf3 Kg7 37. Ba6 Be1 38. Bd3 Kf6 39. Kg2 Ke6 40. Kf3
Kf6 41. Kg4 Bd2 42. h5 e2 43. Bxe2 g5 44. f5 Kg7 45. Bf3 Be3 46. Bxc6 Bd2 47.
Bf3 Be3 48. Be2 Bd2 49. Bd3 Bc1 50. Kf3 Bd2 51. g4 Bc3 52. Ke4 Bb2 53. Kd5 Ba3
54. Ke6 Kh6 55. Kf7 Bb2 56. f6 Bc3 57. Ke7 Bb4 58. Bc4 1-0

[Event "Richmond Chess Initiative 1st"]
[Site "London, Richmond"]
[Date "1994.10.29"]
[Round "8"]
[White "Dinstuhl, Volkmar"]
[Black "Wall, Gavin"]
[Result "1-0"]
[WhiteElo "2375"]
[BlackElo "2265"]
[PlyCount "68"]
[EventDate "1994.10.23"]
[EventType "tourn"]
[EventRounds "9"]
[EventCountry "ENG"]
[SourceTitle "BritBase"]
[Source "John Saunders"]
[SourceDate "2023.06.01"]
[SourceVersion "1"]
[SourceVersionDate "2023.06.01"]
[SourceQuality "1"]

1. d4 Nf6 2. c4 c5 3. d5 e5 4. Nc3 d6 5. e4 Be7 6. Nge2 Nh5 7. Ng3 Nxg3 8. hxg3
Bg5 9. Be2 a6 10. Bg4 Nd7 11. a3 Bxc1 12. Qxc1 Nf6 13. Be2 Bd7 14. b4 Rc8 15.
Qe3 h6 16. Rb1 Ng4 17. Qd2 Qc7 18. b5 O-O 19. O-O f5 20. bxa6 bxa6 21. exf5
Bxf5 22. Bd3 Bxd3 23. Qxd3 Rb8 24. f3 Nf6 25. g4 Qa5 26. Ne2 e4 27. fxe4 Nxg4
28. Rxb8 Rxb8 29. Qh3 h5 30. Qxh5 Nf6 31. Qg5 Rb2 32. Ng3 Qc3 33. Nf5 Rb7 34.
Nxd6 Re7 1-0